<?xml version="1.0" encoding="UTF-8"?>
<record
    xmlns:xsi="http://www.w3.org/2001/XMLSchema-instance"
    xsi:schemaLocation="http://www.loc.gov/MARC21/slim http://www.loc.gov/standards/marcxml/schema/MARC21slim.xsd"
    xmlns="http://www.loc.gov/MARC21/slim">

  <leader>00916nam a2200241Ia 4500</leader>
  <controlfield tag="005">20231102151917.0</controlfield>
  <controlfield tag="008">160402s2009    mx ||||| |||| 00| 0 spa d</controlfield>
  <datafield tag="020" ind1=" " ind2=" ">
    <subfield code="a">9786071701510</subfield>
  </datafield>
  <datafield tag="050" ind1=" " ind2=" ">
    <subfield code="a">Z551</subfield>
    <subfield code="b">V553 2009 </subfield>
  </datafield>
  <datafield tag="100" ind1=" " ind2=" ">
    <subfield code="a">VI&#xD1;AMATA PASCHKES, Carlos</subfield>
    <subfield code="e">autor</subfield>
    <subfield code="9">16757</subfield>
  </datafield>
  <datafield tag="245" ind1="0" ind2="3">
    <subfield code="a">La propiedad intelectual</subfield>
    <subfield code="b">: Derechos de autor, propiedad industrial, conceptos y procedimientos, marcas, patentes, variedad de vegetales, biotecnolog&#xED;a</subfield>
    <subfield code="c">/ Carlos Vi&#xF1;amata Paschkes</subfield>
  </datafield>
  <datafield tag="250" ind1=" " ind2=" ">
    <subfield code="a">5a. edici&#xF3;n</subfield>
  </datafield>
  <datafield tag="260" ind1=" " ind2=" ">
    <subfield code="a">M&#xE9;xico</subfield>
    <subfield code="b">: Trillas</subfield>
    <subfield code="c">, 1998</subfield>
  </datafield>
  <datafield tag="300" ind1=" " ind2=" ">
    <subfield code="a">575 p&#xE1;ginas</subfield>
  </datafield>
  <datafield tag="336" ind1=" " ind2=" ">
    <subfield code="a">texto</subfield>
  </datafield>
  <datafield tag="337" ind1=" " ind2=" ">
    <subfield code="a">sin medio</subfield>
  </datafield>
  <datafield tag="338" ind1=" " ind2=" ">
    <subfield code="a">vol&#xFA;men</subfield>
  </datafield>
  <datafield tag="500" ind1=" " ind2=" ">
    <subfield code="a">Plan Flexible
Derecho / Propiedad Intelectual Y Derecho De Autor (P29-3) / (19 0002456)</subfield>
  </datafield>
  <datafield tag="505" ind1=" " ind2=" ">
    <subfield code="a">Incluye &#xED;ndices y referencias bibliogr&#xE1;ficas</subfield>
  </datafield>
  <datafield tag="650" ind1=" " ind2=" ">
    <subfield code="a">Propiedad intelectual</subfield>
    <subfield code="9">1742</subfield>
  </datafield>
  <datafield tag="650" ind1=" " ind2=" ">
    <subfield code="a">Autoria</subfield>
    <subfield code="x">leyes y legislacion</subfield>
    <subfield code="9">24397</subfield>
  </datafield>
  <datafield tag="942" ind1=" " ind2=" ">
    <subfield code="c">LB</subfield>
    <subfield code="2">lcc</subfield>
  </datafield>
  <datafield tag="952" ind1=" " ind2=" ">
    <subfield code="0">0</subfield>
    <subfield code="1">0</subfield>
    <subfield code="4">0</subfield>
    <subfield code="7">0</subfield>
    <subfield code="a">19</subfield>
    <subfield code="b">19</subfield>
    <subfield code="d">2016-04-02</subfield>
    <subfield code="l">0</subfield>
    <subfield code="o">Z551 V553 2009 </subfield>
    <subfield code="p">19 002456</subfield>
    <subfield code="r">2016-04-02</subfield>
    <subfield code="t">1</subfield>
    <subfield code="w">2016-04-02</subfield>
    <subfield code="y">LB</subfield>
  </datafield>
  <datafield tag="999" ind1=" " ind2=" ">
    <subfield code="c">99198</subfield>
    <subfield code="d">99198</subfield>
  </datafield>
</record>
